| 000 | 00625nam a2200181 a 4500 | ||
|---|---|---|---|
| 001 | 000029844 | ||
| 005 | 20240320074002.0 | ||
| 008 | 090925s1994 dr 000 0 spa d | ||
| 040 |
_aDO-SdBNP _bspa _cBNPHU |
||
| 082 | _a271.07293 | ||
| 100 | 1 |
_aBello Peguero, Rafael, _d1932-2022 _92405 |
|
| 245 | 1 | 0 |
_aNombramientos eclesiásticos 1884-1984 : _bacto de puesta en circulación / _cRafael Bello Peguero. |
| 260 |
_aSanto Domingo : _aEditora Amigo del Hogar, _c1994. |
||
| 300 |
_a27 p. ; _c23 cm. |
||
| 650 | 4 |
_aIglesia católica _xHistoria _zRepública Dominicana _923682 |
|
| 650 | 4 |
_aOrdenes religiosas _97137 |
|
| 049 | _aBNPD | ||
| 999 |
_c29336 _d29336 |
||